Zborník príspevkov a abstraktov z workshopu STEP 2021 11.11.2021

Salvato in:
Dettagli Bibliografici
Enti autori: STEP 2021. workshop, Podnikovohospodárska fakulta EU so sídlom v Košiciach. Katedra ekonómie
Altri autori: Andrejovský, Pavol, 1975-, Duľová Spišáková, Emília, 1983-, Pružinský, Michal, 1952-
Natura: Libro
Lingua:slovacco
Pubblicazione: Bratislava Vydavateľstvo EKONÓM 2021
Edizione:1. vydanie
Soggetti:
Tags: Aggiungi Tag
Nessun Tag, puoi essere il primo ad aggiungerne!!

MARC

LEADER 00000nlm a2200000 4500
001 0281082
005 20240827091451.0
020 |a 978-80-225-4908-0 
041 0 |a slo 
044 |a SK 
245 1 0 |a Zborník príspevkov a abstraktov z workshopu STEP 2021  |b 11.11.2021  |c editor: Pavol Andrejovský ; recenzenti: Emília Duľová Spišáková, Michal Pružinský 
250 |a 1. vydanie 
264 1 |a Bratislava  |b Vydavateľstvo EKONÓM  |c 2021 
300 |a CD-ROM 64 s. 
610 2 0 |a hospodárstvo odpadové 
610 2 0 |a odpad komunálny 
610 2 0 |a rozvoj trvalo udržateľný 
610 2 0 |a politika environmentálna 
610 2 0 |a ruch cestovný 
610 2 0 |a energetika 
700 1 |a Andrejovský, Pavol, 1975- 
700 1 |a Duľová Spišáková, Emília, 1983- 
700 1 |a Pružinský, Michal, 1952- 
110 2 |a STEP 2021. workshop 
710 2 |a Podnikovohospodárska fakulta EU so sídlom v Košiciach. Katedra ekonómie